[Event "4NCL Division Four"]
[Site "Daventry, ENG"]
[Date "2022.11.06"]
[Round "2.92"]
[White "Woolf, Ben"]
[Black "Ivan, Austin"]
[Result "1/2-1/2"]
[WhiteElo "1589"]
[BlackElo "1761"]
[PlyCount "76"]
[EventDate "2022.11.06"]
[WhiteTeam "War and Piece B"]
[BlackTeam "Cambridge University Y1"]

1. c4 f5 2. Nc3 Nf6 3. Nf3 g6 4. d3 d6 5. Bg5 Bg7 6. g3 e5 7. Bg2 h6 8. Bxf6
Bxf6 9. e3 Nc6 10. Nd5 Bd7 11. Qe2 O-O 12. O-O Ne7 13. Nxf6+ Rxf6 14. a4 a5 15.
Rfb1 Nc6 16. Ne1 Ra6 17. Nc2 Rb6 18. Qd2 Nb4 19. b3 Nxc2 20. Qxc2 c5 21. Qc3
Rb4 22. d4 e4 23. dxc5 dxc5 24. Rd1 Qe7 25. Rxd7 Rxb3 26. Qxb3 Qxd7 27. Rd1 Rb6
28. Rxd7 Rxb3 29. Kf1 Rb4 30. Ke1 Rxc4 31. Rxb7 Rxa4 32. Rb1 Ra2 33. Rc1 a4 34.
Bf1 Kg7 35. Be2 a3 36. Rxc5 Rb2 37. Bc4 a2 38. Bxa2 Rxa2 1/2-1/2

[Event "4NCL Division Four"]
[Site "Daventry, ENG"]
[Date "2022.11.06"]
[Round "2.93"]
[White "Evans, Daniel"]
[Black "Chapman, Chas"]
[Result "1-0"]
[WhiteElo "1638"]
[BlackElo "1517"]
[PlyCount "59"]
[EventDate "2022.11.06"]
[WhiteTeam "Cambridge University Y1"]
[BlackTeam "War and Piece B"]

1. e4 c5 2. Nf3 d6 3. d4 cxd4 4. Nxd4 g6 5. Nc3 Bg7 6. Be3 Nf6 7. f3 O-O 8. Qd2
Nc6 9. Nb3 a5 10. a4 Be6 11. Nd5 Bxd5 12. exd5 Nb4 13. c4 Rc8 14. Rc1 e6 15.
dxe6 fxe6 16. Nd4 Re8 17. Nb5 d5 18. c5 Re7 19. g3 Nc6 20. Bf4 Ne8 21. Bh3 Rb8
22. Bxb8 Nxb8 23. O-O e5 24. Rfe1 d4 25. Nc3 Nc6 26. Ne4 h5 27. Qg5 Kh7 28. Qh4
Nb4 29. Ng5+ Kg8 30. Ne6 1-0

[Event "4NCL Division Four"]
[Site "Daventry, ENG"]
[Date "2022.11.06"]
[Round "2.94"]
[White "Knipe, Matthew"]
[Black "Parikh, Naavya"]
[Result "0-1"]
[WhiteElo "1400"]
[BlackElo "1669"]
[PlyCount "118"]
[EventDate "2022.11.06"]
[WhiteTeam "War and Piece B"]
[BlackTeam "Cambridge University Y1"]

1. e4 e5 2. Nc3 Nc6 3. Bc4 Nf6 4. d3 a6 5. f4 Bc5 6. Nf3 d6 7. f5 Na5 8. Bb3
Nxb3 9. axb3 Ng4 10. Bg5 Bf2+ 11. Ke2 f6 12. h3 fxg5 13. hxg4 Bc5 14. Nd5 c6
15. Ne3 Kd7 16. Qd2 h6 17. d4 exd4 18. Nxd4 Qf6 19. c3 Kc7 20. Nc4 b5 21. Na5
Bd7 22. b4 Bb6 23. Rhe1 Rhe8 24. Kd1 Qe5 25. Qd3 Re7 26. Kc2 c5 27. bxc5 dxc5
28. Nf3 Qg3 29. Re2 Qxg4 30. Qd5 Ra7 31. Nb3 Bc6 32. Qd2 Rxe4 33. Rd1 Rxe2 34.
Qxe2 Qe4+ 35. Qxe4 Bxe4+ 36. Kc1 Bxf5 37. Ne5 Be6 38. Nd2 Ra8 39. Re1 Re8 40.
Ne4 Bd5 41. Ng3 Kd8 42. Nh5 Bc7 43. Nd3 Rxe1+ 44. Nxe1 Bf4+ 45. Kc2 Be4+ 46.
Kb3 Bd2 47. Nf3 Bxf3 48. gxf3 g6 49. Nf6 h5 50. Ne4 Be3 51. Kc2 c4 52. b3 cxb3+
53. Kxb3 h4 54. Kc2 Kc7 55. Kd3 Bf4 56. Nf2 a5 57. Kc2 Kd6 58. Kb3 Be3 59. Nh3
Kc5 0-1

[Event "4NCL Division Four"]
[Site "Daventry, ENG"]
[Date "2022.11.06"]
[Round "2.95"]
[White "Jayakumar, Bharath"]
[Black "Parsons, Ben D"]
[Result "1-0"]
[WhiteElo "1514"]
[BlackElo "1415"]
[PlyCount "55"]
[EventDate "2022.11.06"]
[WhiteTeam "Cambridge University Y1"]
[BlackTeam "War and Piece B"]

1. d4 d5 2. c4 e6 3. Nc3 Nf6 4. Bg5 Be7 5. Nf3 O-O 6. e3 c5 7. Bd3 Nc6 8. O-O
Nb4 9. Be2 b6 10. a3 Nc6 11. Rc1 a6 12. cxd5 exd5 13. dxc5 bxc5 14. Bxf6 Bxf6
15. Qxd5 Qxd5 16. Nxd5 Bxb2 17. Rxc5 Be6 18. Nc7 Bxa3 19. Rxc6 Rfc8 20. Bxa6
Rxc7 21. Rxc7 Rxa6 22. Rd1 Bd6 23. Rb7 h6 24. Nd4 Bg4 25. f3 Bc8 26. Rbb1 Be5
27. Ra1 Rg6 28. Ra8 1-0

[Event "4NCL Division Four"]
[Site "Daventry, ENG"]
[Date "2022.11.06"]
[Round "2.96"]
[White "Bradley, Eric"]
[Black "Veeturi, Yashvardhan"]
[Result "1-0"]
[WhiteElo "1237"]
[BlackElo "1508"]
[PlyCount "88"]
[EventDate "2022.11.06"]
[WhiteTeam "War and Piece B"]
[BlackTeam "Cambridge University Y1"]

1. e4 c6 2. Nf3 d5 3. e5 Bg4 4. d4 c5 5. c3 Nc6 6. Bb5 e6 7. Bxc6+ bxc6 8. Be3
cxd4 9. cxd4 Bb4+ 10. Nbd2 Bxd2+ 11. Bxd2 Qb6 12. h3 Bxf3 13. Qxf3 Qxd4 14. Bc3
Qb6 15. Qe4 Kf8 16. O-O Nh6 17. Qb4+ c5 18. Qxb6 axb6 19. g4 Ng8 20. a4 Ne7 21.
f4 h5 22. g5 Nf5 23. a5 bxa5 24. Rxa5 Rxa5 25. Bxa5 Ke7 26. Bb6 c4 27. Ra1 Kd7
28. Ra7+ Kc6 29. Bf2 d4 30. Rxf7 d3 31. Ra7 d2 32. Ra1 Rd8 33. Rd1 Nd4 34. Bxd4
Rxd4 35. f5 exf5 36. Kf2 Kd5 37. Ke3 Kxe5 38. Rxd2 Rxd2 39. Kxd2 Kd4 40. g6 f4
41. Ke1 Ke3 42. Kf1 Kf3 43. Kg1 Ke2 44. Kg2 f3+ 1-0

[Event "4NCL Division Four"]
[Site "Daventry, ENG"]
[Date "2022.11.06"]
[Round "2.101"]
[White "Skulte, Christopher"]
[Black "Bromilow, Edward T"]
[Result "1-0"]
[WhiteElo "2060"]
[BlackElo "1789"]
[PlyCount "61"]
[EventDate "2022.11.06"]
[WhiteTeam "Celtic Tigers 2"]
[BlackTeam "Ashfield 3"]

1. e4 c6 2. d4 d5 3. Nd2 dxe4 4. Nxe4 Nf6 5. Nxf6+ exf6 6. Bc4 Bd6 7. Qf3 O-O
8. Ne2 Re8 9. Bd2 Qc7 10. O-O-O b5 11. Bd3 a5 12. Ng3 Be6 13. Nf5 Bf8 14. h4
Na6 15. a3 a4 16. Be4 Red8 17. Bf4 Qb6 18. Be3 Bd5 19. c3 Nc7 20. h5 Bxe4 21.
Qxe4 Nd5 22. Bd2 c5 23. Qg4 Ne7 24. Nh6+ Kh8 25. Nxf7+ Kg8 26. Nh6+ Kh8 27.
Nf7+ Kg8 28. Nxd8 Rxd8 29. dxc5 Qxc5 30. Be3 Rxd1+ 31. Rxd1 1-0

[Event "4NCL Division Four"]
[Site "Daventry, ENG"]
[Date "2022.11.06"]
[Round "2.102"]
[White "Bentley, Alex"]
[Black "Pedersen, Carsten"]
[Result "1/2-1/2"]
[WhiteElo "1747"]
[BlackElo "2100"]
[PlyCount "49"]
[EventDate "2022.11.06"]
[WhiteTeam "Ashfield 3"]
[BlackTeam "Celtic Tigers 2"]

1. e4 e6 2. b3 d5 3. Bb2 Nf6 4. exd5 Qxd5 5. Nc3 Qa5 6. g3 Bd7 7. Bg2 Bc6 8.
Nf3 Nbd7 9. Qe2 Ba3 10. Bxa3 Qxa3 11. Nb5 Qa5 12. Nbd4 Bxf3 13. Nxf3 O-O 14.
O-O c6 15. d4 Rad8 16. Rfd1 Rfe8 17. Qd2 Qxd2 18. Rxd2 e5 19. dxe5 Nxe5 20.
Rxd8 Nxf3+ 21. Bxf3 Rxd8 22. Rd1 Rxd1+ 23. Bxd1 Nd5 24. a4 a5 25. c4 1/2-1/2

[Event "4NCL Division Four"]
[Site "Daventry, ENG"]
[Date "2022.11.06"]
[Round "2.103"]
[White "Stevenson, James"]
[Black "Taylor, Robert P"]
[Result "1-0"]
[WhiteElo "1982"]
[BlackElo "1736"]
[PlyCount "43"]
[EventDate "2022.11.06"]
[WhiteTeam "Celtic Tigers 2"]
[BlackTeam "Ashfield 3"]

1. e4 Nc6 2. Nf3 d6 3. d4 Nf6 4. Nc3 Bg4 5. Be3 e5 6. d5 Ne7 7. Be2 h6 8. Nd2
Bxe2 9. Qxe2 a6 10. g3 g5 11. h4 g4 12. h5 Qd7 13. a4 Rg8 14. a5 Nh7 15. Nc4 f5
16. exf5 Qxf5 17. O-O-O Ng5 18. Bxg5 Qxg5+ 19. Ne3 Nf5 20. Ne4 Nxe3 21. Nxg5
Nxd1 22. Ne4 1-0

[Event "4NCL Division Four"]
[Site "Daventry, ENG"]
[Date "2022.11.06"]
[Round "2.104"]
[White "Hill, Maurice J"]
[Black "Herring, Samuel"]
[Result "0-1"]
[WhiteElo "1733"]
[BlackElo "1925"]
[PlyCount "70"]
[EventDate "2022.11.06"]
[WhiteTeam "Ashfield 3"]
[BlackTeam "Celtic Tigers 2"]

1. g3 d5 2. Bg2 e5 3. Nf3 e4 4. Nd4 c5 5. Nb3 Nc6 6. d3 f5 7. dxe4 dxe4 8.
Qxd8+ Kxd8 9. Bg5+ Ke8 10. Nc3 Be6 11. Rd1 h6 12. Be3 b6 13. O-O Nf6 14. Nb5
Rc8 15. Bf4 Nd5 16. Bd6 a6 17. Bxf8 Kxf8 18. Nc3 Nxc3 19. bxc3 Ke7 20. f3 exf3
21. exf3 Ne5 22. Rfe1 Nc4 23. f4 Kf7 24. Bb7 Rcd8 25. Bxa6 Rxd1 26. Rxd1 Ne3
27. Rd6 Rb8 28. Bb5 Ke7 29. Rd2 Rd8 30. Re2 Rd1+ 31. Kf2 Ng4+ 32. Kg2 Kd6 33.
c4 Bc8 34. Nd2 Bb7+ 35. Nf3 Nxh2 0-1

[Event "4NCL Division Four"]
[Site "Daventry, ENG"]
[Date "2022.11.06"]
[Round "2.105"]
[White "Hoong, Jonathan"]
[Black "Thomson, James L"]
[Result "1/2-1/2"]
[WhiteElo "1719"]
[BlackElo "1708"]
[PlyCount "52"]
[EventDate "2022.11.06"]
[WhiteTeam "Celtic Tigers 2"]
[BlackTeam "Ashfield 3"]

1. e4 c6 2. Nf3 d5 3. Nc3 Bg4 4. h3 Bxf3 5. Qxf3 Nf6 6. e5 Nfd7 7. d4 e6 8. Bf4
Bb4 9. a3 Be7 10. Qg3 g6 11. Qd3 a6 12. Ne2 c5 13. c3 Nc6 14. Rd1 Rc8 15. Ng3
Bg5 16. Qd2 Bxf4 17. Qxf4 cxd4 18. cxd4 Qa5+ 19. Qd2 Qxd2+ 20. Rxd2 Ke7 21. Be2
Na5 22. O-O Rc7 23. Bd1 Nc4 24. Re2 Rhc8 25. a4 h5 26. Rfe1 Rh8 1/2-1/2

[Event "4NCL Division Four"]
[Site "Daventry, ENG"]
[Date "2022.11.06"]
[Round "2.106"]
[White "Fraser, Chris"]
[Black "Sturt, Charles A"]
[Result "0-1"]
[WhiteElo "1551"]
[BlackElo "1542"]
[PlyCount "94"]
[EventDate "2022.11.06"]
[WhiteTeam "Ashfield 3"]
[BlackTeam "Celtic Tigers 2"]

1. e4 c5 2. Nc3 a6 3. Nf3 b5 4. d4 cxd4 5. Nxd4 e5 6. Nb3 Bb7 7. Nd5 d6 8. g3
Nf6 9. Bg2 Nxd5 10. exd5 Be7 11. Qg4 Bf6 12. O-O h5 13. Qb4 h4 14. Na5 Bc8 15.
Be3 Qc7 16. Nc6 a5 17. Qe4 Nxc6 18. dxc6 Be6 19. Qd3 Bc4 20. Qd2 Bxf1 21. Rxf1
b4 22. Bg5 Ke7 23. Bxh4 Bxh4 24. gxh4 f6 25. Qd3 Rxh4 26. Qg6 Kf8 27. Bd5 Rh6
28. Qf5 Qc8 29. Qe6 Qxe6 30. Bxe6 Ke7 31. Bd7 Ra7 32. Rd1 Rxd7 33. cxd7 Kxd7
34. Rd5 Rg6+ 35. Kf1 a4 36. Ra5 b3 37. cxb3 axb3 38. axb3 Kc6 39. b4 d5 40.
Rc5+ Kd6 41. Rc2 Rg4 42. b5 Rb4 43. Rc6+ Kd7 44. Rc5 d4 45. Rc2 Rxb5 46. Ke2
Rb3 47. f3 d3+ 0-1

[Event "4NCL Division Four"]
[Site "Daventry, ENG"]
[Date "2022.11.06"]
[Round "2.111"]
[White "Hijazi, Mulham"]
[Black "Richardson, Ewan"]
[Result "1-0"]
[WhiteElo "1842"]
[BlackElo "1750"]
[PlyCount "45"]
[EventDate "2022.11.06"]
[WhiteTeam "Average Wood Pushers B"]
[BlackTeam "Oxford 4"]

1. e4 e6 2. d4 d5 3. e5 c5 4. c3 Qb6 5. a3 Bd7 6. Nf3 Bb5 7. Bd3 Bxd3 8. Qxd3
Nc6 9. b4 cxd4 10. cxd4 Nge7 11. O-O Nf5 12. Bb2 Be7 13. Nbd2 O-O 14. h4 Nxh4
15. Nxh4 Bxh4 16. g3 Be7 17. Kg2 f6 18. Rh1 h6 19. Rxh6 gxh6 20. Qg6+ Kh8 21.
Qxh6+ Kg8 22. Qg6+ Kh8 23. Rh1# 1-0

[Event "4NCL Division Four"]
[Site "Daventry, ENG"]
[Date "2022.11.06"]
[Round "2.112"]
[White "Hariharan, Shambavi"]
[Black "Herrera, Diego"]
[Result "0-1"]
[WhiteElo "1659"]
[BlackElo "1820"]
[PlyCount "74"]
[EventDate "2022.11.06"]
[WhiteTeam "Oxford 4"]
[BlackTeam "Average Wood Pushers B"]

1. d4 Nf6 2. Bf4 g6 3. Nc3 Bg7 4. e4 d6 5. Qd2 O-O 6. Nf3 c5 7. d5 Re8 8. Bb5
Bd7 9. Bxd7 Nbxd7 10. O-O b5 11. Rfe1 b4 12. Nd1 Nb6 13. c3 a5 14. Qc2 Nh5 15.
Bg3 Nxg3 16. hxg3 e6 17. Ne3 Qd7 18. c4 a4 19. Rad1 Rab8 20. Qc1 e5 21. Nd2 f5
22. f3 f4 23. Nef1 Qe7 24. g4 h5 25. Nh2 Nd7 26. Qc2 Ra8 27. Qd3 Qg5 28. Qe2
Nf6 29. Rf1 Rad8 30. Ra1 Kf7 31. Qe1 Rh8 32. Qe2 hxg4 33. Nxg4 Rh4 34. Nxf6
Bxf6 35. Qd3 Rdh8 36. Kf2 Rh2 37. Rh1 Qg3+ 0-1

[Event "4NCL Division Four"]
[Site "Daventry, ENG"]
[Date "2022.11.06"]
[Round "2.113"]
[White "Calcina, Julio C"]
[Black "Beckett, Richard"]
[Result "1/2-1/2"]
[WhiteElo "1554"]
[BlackElo "1648"]
[PlyCount "60"]
[EventDate "2022.11.06"]
[WhiteTeam "Average Wood Pushers B"]
[BlackTeam "Oxford 4"]

1. e4 c5 2. d4 cxd4 3. c3 Nf6 4. e5 Nd5 5. Nf3 Nc6 6. Bc4 e6 7. O-O d6 8. cxd4
Be7 9. Nc3 Nxc3 10. bxc3 O-O 11. Re1 dxe5 12. Nxe5 Nxe5 13. Rxe5 Qc7 14. Qe2 a6
15. a4 Bd7 16. Bf4 Bd6 17. Rc5 Bc6 18. Bxd6 Qxd6 19. Bd3 Rfe8 20. Rh5 g6 21.
Rh3 Qd5 22. Qg4 e5 23. Qg5 exd4 24. Qxd5 Bxd5 25. cxd4 Be6 26. Rh4 Red8 27. Rb1
Rd7 28. a5 Rad8 29. Rb4 Rc7 30. f3 Rc1+ 1/2-1/2

[Event "4NCL Division Four"]
[Site "Daventry, ENG"]
[Date "2022.11.06"]
[Round "2.114"]
[White "Rumsby, Stephen"]
[Black "Burgess, Dan"]
[Result "1-0"]
[WhiteElo "1605"]
[BlackElo "1542"]
[PlyCount "91"]
[EventDate "2022.11.06"]
[WhiteTeam "Oxford 4"]
[BlackTeam "Average Wood Pushers B"]

1. e4 c5 2. Nc3 e6 3. f4 d5 4. e5 Nc6 5. Nf3 a6 6. Be2 Bd7 7. O-O b5 8. d4 cxd4
9. Nxd4 Bc5 10. Be3 Qb6 11. Kh1 Nxd4 12. Bd3 b4 13. Ne2 Nh6 14. Ng3 Ndf5 15.
Nxf5 Nxf5 16. Bd2 Bc6 17. Qg4 h5 18. Qh3 O-O-O 19. Bxf5 exf5 20. Qxf5+ Rd7 21.
Rf3 d4 22. Rg3 g6 23. Qf6 Rhd8 24. f5 gxf5 25. Qxf5 Kb7 26. a3 bxa3 27. bxa3
Qb2 28. Rb3+ Qxb3 29. cxb3 Rg8 30. Bg5 d3 31. h4 Be7 32. Qxf7 Bxg5 33. Qxg8 Bf4
34. e6 Re7 35. Qf8 Bd6 36. Qf5 Rg7 37. Rg1 d2 38. Qd3 Rg3 39. Qxd6 Rh3+ 40. Qh2
Rxh2+ 41. Kxh2 Kc7 42. Rd1 Kd6 43. Rxd2+ Kxe6 44. b4 Ke5 45. Rc2 Kd5 46. Rc5+
1-0

[Event "4NCL Division Four"]
[Site "Daventry, ENG"]
[Date "2022.11.06"]
[Round "2.115"]
[White "Popova, Svetlana"]
[Black "Kocan, Barry A"]
[Result "0-1"]
[WhiteElo "1257"]
[BlackElo "1631"]
[PlyCount "74"]
[EventDate "2022.11.06"]
[WhiteTeam "Average Wood Pushers B"]
[BlackTeam "Oxford 4"]

1. d4 Nf6 2. h3 g6 3. Nf3 b6 4. Bf4 Bb7 5. e3 Bg7 6. Bd3 O-O 7. O-O d6 8. c3
Nbd7 9. Nbd2 e5 10. Bh2 e4 11. Nxe4 Nxe4 12. Qc2 Ng5 13. h4 Nxf3+ 14. gxf3 Qxh4
15. Be4 Bxe4 16. Bg3 Qxg3+ 17. fxg3 Bxc2 18. Rf2 Ba4 19. f4 Nf6 20. b3 Bc6 21.
Rh2 Rae8 22. Kf2 Ng4+ 23. Ke2 Nxh2 24. Kf2 Ng4+ 25. Ke2 Rxe3+ 26. Kd2 Rxg3 27.
Rd1 Re8 28. Re1 Rxe1 29. Kxe1 h5 30. Kf1 h4 31. d5 Bxd5 32. c4 Be4 33. Ke2 h3
34. f5 h2 35. Kd2 h1=Q 36. fxg6 Qh2+ 37. Kc1 Rg1# 0-1

[Event "4NCL Division Four"]
[Site "Daventry, ENG"]
[Date "2022.11.06"]
[Round "2.116"]
[White "Kovalyova, Taisiya"]
[Black "Abbas, Rana"]
[Result "1-0"]
[WhiteElo "1351"]
[BlackElo "1061"]
[PlyCount "41"]
[EventDate "2022.11.06"]
[WhiteTeam "Oxford 4"]
[BlackTeam "Average Wood Pushers B"]

1. d4 d5 2. Bf4 e6 3. Nd2 Bd6 4. Bg3 Bb4 5. c3 Be7 6. e3 Nc6 7. Ngf3 f6 8. Bf4
Nh6 9. Bxh6 gxh6 10. Nh4 Kd7 11. e4 f5 12. exd5 exd5 13. Nxf5 Bg5 14. Nb3 Re8+
15. Be2 b6 16. O-O Qf6 17. f4 Bxf4 18. Rxf4 Ne7 19. Bg4 Kd8 20. Nxe7 Qxf4 21.
Nc6# 1-0

[Event "4NCL Division Four"]
[Site "Daventry, ENG"]
[Date "2022.11.06"]
[Round "2.121"]
[White "Ireland, David J"]
[Black "Usher, Michael E"]
[Result "1-0"]
[WhiteElo "1968"]
[BlackElo "1721"]
[PlyCount "75"]
[EventDate "2022.11.06"]
[WhiteTeam "Coventry"]
[BlackTeam "Iceni 3"]

1. Nf3 e6 2. g3 f5 3. Bg2 Nf6 4. d4 Be7 5. c4 O-O 6. O-O d6 7. Nc3 Ne4 8. Qc2
Nxc3 9. Qxc3 Nd7 10. b3 Qe8 11. Bb2 Nf6 12. Nd2 Qg6 13. Rae1 Ng4 14. h3 Nh6 15.
f4 Bf6 16. e4 c5 17. e5 cxd4 18. Qxd4 dxe5 19. fxe5 Be7 20. Kh2 Rd8 21. Qf2 Qe8
22. Nf3 Qd7 23. Qe2 Qc7 24. Rd1 Bd7 25. Nd4 a6 26. Bc1 Nf7 27. Nxf5 Bc5 28. Bf4
Bc6 29. Nd6 Bxg2 30. Kxg2 Qc6+ 31. Kh2 Bxd6 32. exd6 e5 33. Bxe5 Re8 34. Rd5
Nxe5 35. Rxe5 Kh8 36. Re7 h6 37. Qe5 Rxe7 38. dxe7 1-0

[Event "4NCL Division Four"]
[Site "Daventry, ENG"]
[Date "2022.11.06"]
[Round "2.122"]
[White "Carter, Dominic A"]
[Black "Pink, Joshua"]
[Result "0-1"]
[WhiteElo "1653"]
[BlackElo "1938"]
[PlyCount "138"]
[EventDate "2022.11.06"]
[WhiteTeam "Iceni 3"]
[BlackTeam "Coventry"]

1. d4 e6 2. c4 f5 3. g3 Nf6 4. Bg2 d6 5. Nc3 Be7 6. Qb3 Nc6 7. Nf3 O-O 8. a3
Kh8 9. Bf4 Ne4 10. Rd1 Bf6 11. Qc2 Nxc3 12. bxc3 Qe7 13. h4 h6 14. Bg5 e5 15.
Bxf6 Qxf6 16. e4 f4 17. O-O Bg4 18. Rd3 Rae8 19. Nh2 Bd7 20. Rfd1 Re7 21. Rf3
g5 22. gxf4 gxf4 23. Bh3 Qxh4 24. Bxd7 Rxd7 25. Qd3 Rg7+ 26. Kh1 Rfg8 27. Rh3
Qg4 28. Qf1 exd4 29. Nf3 Qg6 30. cxd4 Qxe4 31. Rxh6+ Rh7 32. Rxh7+ Qxh7+ 33.
Nh2 f3 34. Qd3 Rf8 35. Qxh7+ Kxh7 36. Rd3 Na5 37. Rc3 c6 38. Nxf3 Nxc4 39. Ng5+
Kg6 40. Ne6 Rh8+ 41. Kg2 d5 42. Rf3 Re8 43. Nf4+ Kg7 44. Nh5+ Kh6 45. Nf6 Re6
46. Ng4+ Kg5 47. Ne3 Nxe3+ 48. fxe3 Re7 49. Kf2 Rh7 50. Kg2 Kg6 51. Rf8 Re7 52.
Rf3 b5 53. Rg3+ Kf5 54. Kf3 a5 55. Rg8 Rb7 56. Rf8+ Ke6 57. Ra8 b4 58. axb4
axb4 59. Ra1 b3 60. Rb1 Kf5 61. Rb2 Rb8 62. Ke2 Ke4 63. Kd2 Kf3 64. Kd3 Re8 65.
Re2 b2 66. Rxb2 Rxe3+ 67. Kd2 Re2+ 68. Kc3 Rxb2 69. Kxb2 Ke4 0-1

[Event "4NCL Division Four"]
[Site "Daventry, ENG"]
[Date "2022.11.06"]
[Round "2.123"]
[White "Goodwin, Ed H"]
[Black "Rosenbaum, Danny"]
[Result "1-0"]
[WhiteElo "1822"]
[BlackElo "1621"]
[PlyCount "97"]
[EventDate "2022.11.06"]
[WhiteTeam "Coventry"]
[BlackTeam "Iceni 3"]

1. d4 e6 2. Nf3 f5 3. d5 Be7 4. dxe6 dxe6 5. Qxd8+ Bxd8 6. Bf4 Nf6 7. Nc3 O-O
8. e3 Nd5 9. Nxd5 exd5 10. c4 c6 11. cxd5 Ba5+ 12. Nd2 cxd5 13. O-O-O Be6 14.
Nb3 Rc8+ 15. Kb1 Bd8 16. Be2 Na6 17. Bxa6 bxa6 18. Nd4 Bd7 19. Rc1 g6 20. Rxc8
Rxc8 21. Rd1 Kf7 22. Nf3 Bc6 23. Nd4 Bd7 24. Nf3 Bc6 25. Rc1 Bb7 26. Rxc8 Bxc8
27. Kc2 Bf6 28. Bb8 g5 29. Bxa7 f4 30. Nd4 fxe3 31. fxe3 Be5 32. Nf3 Bf6 33.
Bd4 Bxd4 34. exd4 Kf6 35. Kd2 g4 36. Ne5 h5 37. g3 Be6 38. b4 Bc8 39. Ke3 Kf5
40. Nd3 Kg5 41. Ne5 Kf5 42. a4 Bb7 43. Nd3 Bc6 44. Nc5 Be8 45. Nxa6 Bxa4 46.
Nc7 Bc6 47. b5 Bd7 48. b6 Bc6 49. Na6 1-0

[Event "4NCL Division Four"]
[Site "Daventry, ENG"]
[Date "2022.11.06"]
[Round "2.124"]
[White "Kent, Rowan"]
[Black "Stamper, Tom"]
[Result "1/2-1/2"]
[WhiteElo "1582"]
[BlackElo "1774"]
[PlyCount "52"]
[EventDate "2022.11.06"]
[WhiteTeam "Iceni 3"]
[BlackTeam "Coventry"]

1. e4 e6 2. d4 d5 3. exd5 exd5 4. Nf3 Bd6 5. Bd3 Ne7 6. O-O Nbc6 7. c3 Bg4 8.
h3 Bf5 9. Re1 Qd7 10. Be3 O-O-O 11. Qc2 f6 12. Nbd2 g5 13. Bxf5 Nxf5 14. g4
Nxe3 15. fxe3 h5 16. Qf5 hxg4 17. Qxd7+ Kxd7 18. hxg4 Rh3 19. Kf2 Bg3+ 20. Kg2
Bxe1 21. Kxh3 Bf2 22. e4 Ne7 23. e5 Ng6 24. Kg2 Be3 25. Nf1 Nf4+ 26. Kg3 Ne2+
1/2-1/2

[Event "4NCL Division Four"]
[Site "Daventry, ENG"]
[Date "2022.11.06"]
[Round "2.125"]
[White "Manickam, Saravanna Bava"]
[Black "Hartshorn, Harry"]
[Result "1-0"]
[WhiteElo "1760"]
[BlackElo "1504"]
[PlyCount "85"]
[EventDate "2022.11.06"]
[WhiteTeam "Coventry"]
[BlackTeam "Iceni 3"]

1. d4 Nf6 2. Bf4 g6 3. e3 Bg7 4. Nd2 d6 5. Ngf3 Nbd7 6. Bd3 O-O 7. e4 Re8 8.
O-O e5 9. Be3 Ng4 10. h3 Nxe3 11. fxe3 b6 12. Qe1 Bb7 13. Qg3 Nf6 14. d5 c6 15.
c4 cxd5 16. cxd5 Re7 17. Nh2 Qd7 18. Rac1 Qa4 19. a3 Ba6 20. Bc2 Nh5 21. Qh4
Qd7 22. Rf3 Rc8 23. Nb1 Bf8 24. Nc3 Ree8 25. Ng4 Be7 26. Qf2 Bf8 27. Qh4 Qe7
28. Qf2 Rc7 29. Rd1 Bc8 30. Nf6+ Nxf6 31. Rxf6 a5 32. Bd3 Bg7 33. Rf3 Ra7 34.
Qe2 Rf8 35. Rdf1 f6 36. Kh1 Qe8 37. Nb5 Ra8 38. Rc1 Rf7 39. Qc2 Bb7 40. Qb3 Qd7
41. Rff1 Bh6 42. Rc7 Qe8 43. Nxd6 1-0

[Event "4NCL Division Four"]
[Site "Daventry, ENG"]
[Date "2022.11.06"]
[Round "2.131"]
[White "Michener, Max"]
[Black "Wang, Luoling"]
[Result "1-0"]
[WhiteElo "1515"]
[BlackElo "500"]
[PlyCount "21"]
[EventDate "2022.11.06"]
[WhiteTeam "Barnet Knights D"]
[BlackTeam "Cambridge University Y2"]

1. e4 e5 2. Nc3 Nf6 3. f4 exf4 4. e5 Bc5 5. exf6 gxf6 6. d4 Bxd4 7. Qxd4 b6 8.
Qe4+ Kf8 9. Bxf4 a5 10. Bh6+ Kg8 11. Qg4# 1-0

[Event "4NCL Division Four"]
[Site "Daventry, ENG"]
[Date "2022.11.06"]
[Round "2.132"]
[White "Laza, Andrei"]
[Black "Rastogi, Nayan Keats"]
[Result "0-1"]
[WhiteElo "1214"]
[BlackElo "1464"]
[PlyCount "132"]
[EventDate "2022.11.06"]
[WhiteTeam "Cambridge University Y2"]
[BlackTeam "Barnet Knights D"]

1. b3 d5 2. Bb2 e6 3. e3 Nf6 4. Nf3 Be7 5. Be2 O-O 6. O-O c5 7. d3 Nc6 8. Nbd2
b6 9. Ne5 Bb7 10. Ndf3 Nxe5 11. Nxe5 d4 12. Bf3 Bxf3 13. Qxf3 dxe3 14. fxe3 Qd5
15. Nc6 Qd7 16. Nxe7+ Qxe7 17. Bxf6 gxf6 18. Qxf6 Qxf6 19. Rxf6 Rac8 20. Raf1
b5 21. R1f3 c4 22. bxc4 bxc4 23. d4 Rb8 24. e4 Rb2 25. Rc3 Rb4 26. a3 Ra4 27.
d5 exd5 28. exd5 Rd8 29. d6 Rd7 30. Rf4 Rxd6 31. Rfxc4 Ra5 32. Kf2 Rda6 33.
Rg3+ Rg6 34. Rxg6+ hxg6 35. a4 Kg7 36. Rb4 Rc5 37. c4 a5 38. Rb5 Rxc4 39. Rxa5
Rc3 40. Rb5 Ra3 41. a5 Kh6 42. Ke2 f5 43. Kd1 Ra2 44. h3 Rxg2 45. Rb8 Ra2 46.
Ra8 Kg5 47. a6 Kf4 48. a7 g5 49. Ke1 Ra5 50. Kf1 Kf3 51. Ke1 f4 52. Kd2 Kf2 53.
Kd3 f3 54. Ke4 Ra4+ 55. Kf5 Kf1 56. Kxg5 f2 57. Kf5 Kg1 58. Rg8+ Kh2 59. a8=Q
Rxa8 60. Rxa8 f1=Q+ 61. Ke4 Qc4+ 62. Ke3 Qc5+ 63. Kf4 Qc4+ 64. Ke3 Qc3+ 65. Kf4
Kxh3 66. Rh8+ Qxh8 0-1

[Event "4NCL Division Four"]
[Site "Daventry, ENG"]
[Date "2022.11.06"]
[Round "2.133"]
[White "Smith, Henry"]
[Black "Horwood, Alexander"]
[Result "0-1"]
[WhiteElo "1507"]
[BlackElo "1170"]
[PlyCount "46"]
[EventDate "2022.11.06"]
[WhiteTeam "Barnet Knights D"]
[BlackTeam "Cambridge University Y2"]

1. Nc3 e6 2. e4 d5 3. g3 Nf6 4. e5 Nfd7 5. f4 Bb4 6. Bg2 O-O 7. Nge2 c5 8. Nb5
Qb6 9. Nd6 c4 10. Nxc8 Rxc8 11. c3 Be7 12. Rb1 Nc5 13. Nd4 Nd3+ 14. Kf1 Nc6 15.
Qe2 Nxc1 16. Rxc1 Nxd4 17. cxd4 Qxb2 18. Rc3 Bb4 19. Re3 Qxd2 20. a3 Qxe2+ 21.
Kxe2 Be7 22. Rb1 c3 23. Rxb7 c2 0-1

[Event "4NCL Division Four"]
[Site "Daventry, ENG"]
[Date "2022.11.06"]
[Round "2.134"]
[White "Evans, Joseph"]
[Black "Sanfey, Peter"]
[Result "0-1"]
[WhiteElo "1168"]
[BlackElo "1423"]
[PlyCount "58"]
[EventDate "2022.11.06"]
[WhiteTeam "Cambridge University Y2"]
[BlackTeam "Barnet Knights D"]

1. c4 e5 2. g3 Nc6 3. Bg2 Nf6 4. e3 d5 5. cxd5 Nxd5 6. Nc3 Nxc3 7. bxc3 Bc5 8.
Ne2 O-O 9. O-O Re8 10. Bb2 Ne7 11. d4 Bd6 12. dxe5 Bxe5 13. f4 Bd6 14. Qd4 c5
15. Qd2 Kf8 16. Rad1 Nf5 17. e4 Qe7 18. Rfe1 Ne3 19. Qxe3 c4 20. Qd2 Bc5+ 21.
Nd4 Bg4 22. Kh1 Bxd1 23. Qxd1 Bxd4 24. cxd4 Qb4 25. Re2 c3 26. Qe1 Rac8 27. Rc2
Qxb2 28. Rxb2 cxb2 29. Qb1 Rc1+ 0-1

[Event "4NCL Division Four"]
[Site "Daventry, ENG"]
[Date "2022.11.06"]
[Round "2.135"]
[White "Lee, Xander"]
[Black "Wang, Xiling"]
[Result "1/2-1/2"]
[WhiteElo "1227"]
[BlackElo "1121"]
[PlyCount "55"]
[EventDate "2022.11.06"]
[WhiteTeam "Barnet Knights D"]
[BlackTeam "Cambridge University Y2"]

1. e4 e5 2. Nc3 Nf6 3. f4 d5 4. fxe5 Nxe4 5. Qf3 Nxc3 6. bxc3 Be7 7. d4 O-O 8.
Bd3 c5 9. dxc5 Bxc5 10. Qg3 Qb6 11. Nh3 h6 12. Rf1 Be7 13. Nf4 Qc6 14. Bd2 Re8
15. Nh5 Bg5 16. Nf6+ gxf6 17. h4 Rxe5+ 18. Kd1 Qa4 19. Rf4 Qd7 20. Be2 Kf8 21.
hxg5 fxg5 22. Rxf7+ Qxf7 23. Qxe5 Qe6 24. Bh5 Ke7 25. Qg7+ Kd6 26. Qd4 Nc6 27.
Qd3 Ne5 28. Qb5 1/2-1/2